Find Five 'G' Things Quiz Stats

 Plays Quiz Updated Jun 12, 2017

Support Sporcle.
Go Orange.
Score 0/50 Timer 04:00
11 Plays Today
% Correct
Gandalf
93.6%
The Godfather
91.9%
Green
89.6%
Grey
89.2%
Gold
88.6%
Germany
88.4%
Guatemala
86.1%
Gladiator
86%
Goose
85.6%
Greece
84.5%
Gettysburg
83.9%
Georgia
82.5%
Gaelic Football
82.3%
Golf
81.8%
Gershwin
81.8%
Guinea
81.4%
Gymnastics
81.3%
Ghana
81.1%
Gollum
80.9%
Goalball
80.5%
Goldfinch
80.2%
Guinea-Bissau
78.7%
Gandhi
78%
Grand Hotel
77.1%
Gabon
75.3%
% Correct
The Gambia
74.7%
Gull
73.4%
Gimli
72.3%
Guyana
70.6%
Galveston
68.2%
Ghostwhite
65.3%
Gliding
64.8%
Glorieta Pass
61.8%
Goldenrod
60.7%
Goshawk
59.8%
Grieg
55.8%
Griswoldville
55.7%
Gildor
55.6%
Gigi
54.8%
Glazunov
54.1%
Glendale
52.5%
Gilchrist
50.2%
Glorfindel
49.7%
Gavaskar
45.4%
Gower
41.8%
Grebe
38.4%
Gooch
37.6%
Gambhir
31.5%
Gluck
30%
Gounod
24.5%

You're not logged in!

Compare scores with friends on all Sporcle quizzes.
OR
Log In
Forgot?

From the Vault

Who Is That South American Animal?

by bhenderson79

Slow and steady wins the quiz.
Remove Ads.
Support Sporcle.
Get the best of Sporcle when you Go Orange. This ad-free experience offers more features, more stats, and more fun while also helping to support Sporcle. Thank you for becoming a member.

Show Comments

Extras

Top Quizzes Today


Score Distribution

Your Account Isn't Verified!

In order to create a playlist on Sporcle, you need to verify the email address you used during registration. Go to your Sporcle Settings to finish the process.

Report this User

Report this user for behavior that violates our Community Guidelines.

Details: